| 000 | 00746nam a22002055i 4500 | ||
|---|---|---|---|
| 001 | 156909 | ||
| 003 | ES-MaACL | ||
| 005 | 20250804062751.0 | ||
| 008 | 010605s1899 fr |||| | fre d | ||
| 040 |
_aCCPB | B _bspa _cCCPB | B |
||
| 100 | 1 |
_aLalandre, André. _9128609 |
|
| 245 | 1 | 3 |
_aLa dissolution opposée a l'évolution dans les sciences physiques et morales / _cpar André Lalande. |
| 260 |
_aParis : _bAncienne Librairie Germer Baillière & C\pie\s Félix Alcan, éditeur, _c1899 ( _eChartres : _fImprimerie Durand) |
||
| 300 |
_a492 p. ; _c23 cm. |
||
| 650 | 7 |
_aFilosofía _2embne _912802 |
|
| 752 |
_aFrancia - _dParís |
||
| 752 |
_aFrancia - _dChartres |
||
| 852 |
_aES-MaACL _jB-6811 _z-- Enc. hol. |
||
| 999 |
_c156909 _d156909 |
||